[Event "Championnat de France - Accession Fémini"]
[Site "Nimes"]
[Date "2009.08.15"]
[Round "5.4"]
[White "Rigolot, Lucie"]
[Black "Hourlier, Claire"]
[Result "1-0"]
[WhiteElo "1806"]
[BlackElo "1918"]
[PlyCount "91"]

1. e4 c5 2. Nf3 Nc6 3. d4 cxd4 4. Nxd4 g6 5. c4 Bg7 6. Be3 Nf6 7. Nc3 d6 8. Be2
a6 9. O-O O-O 10. Rc1 Bd7 11. Nb3 Rb8 12. c5 Ne8 13. Qd2 Be6 14. Nd5 Nc7 15.
cxd6 Qxd6 16. Bc5 Qd7 17. Bxe7 Bxd5 18. Bxf8 Rxf8 19. exd5 Qxd5 20. Qxd5 Nxd5
21. Bxa6 Ncb4 22. Bxb7 Bxb2 23. Rb1 Ba3 24. Nd4 Rd8 25. Bxd5 Nxd5 26. Nc2 Be7
27. Rfd1 Rc8 28. Rxd5 Rxc2 29. a4 Ra2 30. a5 Bb4 31. g3 Bxa5 32. Rd7 Rd2 33.
Ra7 Rd5 34. Rbb7 Rf5 35. g4 Rg5 36. h3 Bc3 37. Rxf7 Ra5 38. Rab7 Rb5 39. Rxh7
Rxb7 40. Rxb7 g5 41. Kg2 Bd2 42. Kf3 Kf8 43. Ke4 Kg8 44. Kf5 Kf8 45. Kg6 Bc1
46. Rb5 1-0

[Event "Championnat de France - Accession Fémini"]
[Site "Nimes"]
[Date "2009.08.15"]
[Round "5.5"]
[White "Roumegous, Marina"]
[Black "Khelif, Jihane"]
[Result "1-0"]
[WhiteElo "2220"]
[BlackElo "1750"]
[Annotator "Rivier,Sylvain"]
[PlyCount "26"]

1. d4 c5 2. c3 Nf6 3. Nf3 cxd4 4. cxd4 d5 5. Nc3 Nc6 6. Bf4 Qb6 7. Qb3 Qxb3 8.
axb3 Bg4 9. e3 Bxf3 10. gxf3 e6 11. Bb5 Bb4 12. Ke2 O-O 13. Rhg1 a5 {suite
illisible} 1-0

[Event "Championnat de France - Accession Fémini"]
[Site "Nimes"]
[Date "2009.08.15"]
[Round "5.6"]
[White "Soubirou, Oriane"]
[Black "Wohlers-Armas, Friederike"]
[Result "1-0"]
[WhiteElo "1916"]
[BlackElo "2061"]
[PlyCount "93"]

1. e4 c5 2. Nf3 d6 3. d4 cxd4 4. Nxd4 Nf6 5. Nc3 g6 6. g3 Bg7 7. Bg2 Nbd7 8.
O-O a6 9. a4 Qc7 10. h3 Rb8 11. Re1 O-O 12. Rb1 Nb6 13. Bg5 e6 14. Nde2 Bd7 15.
b3 Nc8 16. Qd2 b5 17. axb5 axb5 18. Rbd1 b4 19. Na2 Qa5 20. Nac1 e5 21. Nd3 Bc6
22. Nec1 Qa8 23. Bxf6 Bxf6 24. Nxb4 Qb7 25. Nxc6 Qxc6 26. Nd3 Qb6 27. Nb2 Qc5
28. Nc4 Be7 29. h4 Nb6 30. Ne3 Rfc8 31. c4 Qc6 32. Rb1 Rc7 33. Rec1 Bf8 34. Ng4
h5 35. Nf6+ Kh8 36. Nd5 Nxd5 37. cxd5 Qb6 38. Rxc7 Qxc7 39. b4 Kh7 40. Qd3 Bh6
41. b5 Qc5 42. Bf1 Rb6 43. Ra1 Bc1 44. Ra7 Rxb5 45. Rxf7+ Kg8 46. Qf3 Bh6 47.
Qf6 1-0

[Event "Championnat de France - Accession Fémini"]
[Site "Nimes"]
[Date "2009.08.16"]
[Round "6.1"]
[White "Batteau, Valerie"]
[Black "Wohlers-Armas, Friederike"]
[Result "1/2-1/2"]
[WhiteElo "1951"]
[BlackElo "2061"]
[PlyCount "64"]
[EventDate "2009.??.??"]

1. e4 c5 2. Nf3 Nc6 3. c3 e5 4. d3 d6 5. Be2 Be7 6. O-O f5 7. exf5 Bxf5 8. Nbd2
Nh6 9. Ne4 Nf7 10. Qb3 Rb8 11. Be3 O-O 12. Ng3 Bd7 13. d4 b5 14. dxc5 dxc5 15.
Qd5 Qc8 16. Rad1 Be6 17. Qd2 Rd8 18. Qc2 Rxd1 19. Rxd1 Qa6 20. Bd3 Qxa2 21.
Bxh7+ Kf8 22. Qg6 Qa4 23. Re1 Qg4 24. Qc2 b4 25. h3 Qc4 26. Qg6 Nh8 27. Qh5 Bf7
28. Qf5 Qe6 29. Qxe6 Bxe6 30. Be4 Na5 31. Nxe5 Nc4 32. Nc6 Rb6 1/2-1/2

[Event "Championnat de France - Accession Fémini"]
[Site "Nimes"]
[Date "2009.08.16"]
[Round "6.2"]
[White "Khelif, Jihane"]
[Black "Soubirou, Oriane"]
[Result "1/2-1/2"]
[WhiteElo "1750"]
[BlackElo "1916"]
[PlyCount "80"]
[EventDate "2009.??.??"]

1. e4 c5 2. Nf3 e6 3. d4 cxd4 4. Nxd4 Nf6 5. Bd3 Bc5 6. Be3 Be7 7. O-O a6 8. c4
d6 9. Nc3 Nbd7 10. f4 Qc7 11. h3 h5 12. Qf3 h4 13. f5 Ne5 14. Qe2 Nh5 15. Bf4
Nxf4 16. Rxf4 Nxd3 17. Qxd3 e5 18. Nd5 Qc5 19. Rg4 exd4 20. b4 Qc6 21. Rxg7 a5
22. Qxd4 Rf8 23. b5 Qc5 24. Qxc5 dxc5 25. Nc7+ Kd8 26. Nxa8 Bf6 27. Rd1+ Ke7
28. Rh7 Bxf5 29. exf5 Rxa8 30. Re1+ Kf8 31. Rh6 Kg7 32. Rh5 Rd8 33. Re2 b6 34.
Kf2 Rd3 35. Rc2 a4 36. Ke2 Rg3 37. Kf1 Rd3 38. Ke2 Rg3 39. Kf1 Rd3 40. Ke2 Rg3
1/2-1/2

[Event "Championnat de France - Accession Fémini"]
[Site "Nimes"]
[Date "2009.08.16"]
[Round "6.3"]
[White "Armas, Lara-Maria"]
[Black "Rigolot, Lucie"]
[Result "1-0"]
[WhiteElo "1948"]
[BlackElo "1806"]
[PlyCount "145"]
[EventDate "2009.??.??"]

1. e4 c5 2. Nf3 d6 3. d4 Nf6 4. Nc3 cxd4 5. Nxd4 a6 6. Bg5 e6 7. f4 Nbd7 8. Qf3
Qc7 9. O-O-O b5 10. Bd3 Bb7 11. Rhe1 Be7 12. Qg3 b4 13. Nd5 exd5 14. e5 dxe5
15. fxe5 Nh5 16. Qh4 Bxg5+ 17. Qxg5 g6 18. g4 h6 19. Qh4 Nf4 20. e6 Ne5 21. Bf1
g5 22. exf7+ Kxf7 23. Qg3 Rae8 24. h4 Nc6 25. Nf5 Bc8 26. Kb1 Rxe1 27. Rxe1 b3
28. Qxb3 Be6 29. Qc3 Rh7 30. Bxa6 Qa5 31. Qxa5 Nxa5 32. Rh1 Bxf5 33. gxf5 Rg7
34. b4 Nc6 35. hxg5 hxg5 36. b5 Nb4 37. Bc8 d4 38. b6 Kf6 39. b7 Rxb7 40. Bxb7
Kxf5 41. Rf1 Kg4 42. a4 Nfd5 43. a5 Nc7 44. Rf7 Nca6 45. Rf6 Nc7 46. a6 Nb5 47.
Rb6 Na3+ 48. Kc1 Na2+ 49. Kd1 Nc3+ 50. Ke1 Nxc2+ 51. Kd2 Ne3 52. Rg6 Nc4+ 53.
Kc2 Nb5 54. Kb3 d3 55. Bc8+ Kh5 56. Rg7 d2 57. Kc2 Nb6 58. Bb7 Kh6 59. Rg8 Nc4
60. Rd8 Nba3+ 61. Kd1 Nb1 62. a7 Nb6 63. a8=Q Nxa8 64. Bxa8 g4 65. Kc2 Na3+ 66.
Kxd2 Nc4+ 67. Ke2 Ne5 68. Kf2 Kg5 69. Kg3 Kf5 70. Rf8+ Kg5 71. Be4 Kh6 72. Re8
Nf7 73. Kxg4 1-0

[Event "Championnat de France - Accession Fémini"]
[Site "Nimes"]
[Date "2009.08.16"]
[Round "6.4"]
[White "Bismuth, Lea"]
[Black "Gertosio-Serena, Sophie"]
[Result "1-0"]
[WhiteElo "1892"]
[BlackElo "1794"]
[PlyCount "131"]
[EventDate "2009.??.??"]

1. Nc3 e5 2. Nf3 Nc6 3. d4 exd4 4. Nxd4 d5 5. Bf4 a6 6. Nxc6 bxc6 7. Qd4 Nf6 8.
Qe5+ Be6 9. Qxc7 Qxc7 10. Bxc7 Ra7 11. Be5 Bb4 12. a3 Bc5 13. Bxf6 gxf6 14. e3
O-O 15. Bd3 a5 16. O-O a4 17. Ne2 Rb8 18. Rfb1 h6 19. Kf1 Bd6 20. Ke1 c5 21. c3
Rab7 22. Bc2 Bd7 23. Rd1 Rxb2 24. Rxd5 Rxc2 25. Rxd6 Rbb2 26. Nf4 Bb5 27. Rb6
Rxc3 28. Nd5 Rcc2 29. Nxf6+ Kf8 30. Rb8+ Kg7 31. Nh5+ Kh7 32. Nf4 Ba6 33. Rxb2
Rxb2 34. Rc1 c4 35. Rc3 Kg7 36. f3 Kf6 37. Ne2 Ke5 38. g4 f6 39. Kf2 Kd5 40.
e4+ Kc5 41. Ke3 Rb3 42. h4 Bb5 43. f4 Be8 44. f5 Rb1 45. Nc1 Bf7 46. Nd3+ Kd6
47. Nf2 Rg1 48. Kd4 Rg2 49. Rc2 Rg3 50. Ra2 Rf3 51. g5 c3 52. Rc2 hxg5 53. Ng4
gxh4 54. Nxf6 Rf4 55. Rxc3 Ke7 56. Ke5 Rf1 57. Rc7+ Kf8 58. Nd7+ Kg7 59. Nc5 h3
60. Ne6+ Kh6 61. Rc3 Rh1 62. Kf6 Bxe6 63. fxe6 Rf1+ 64. Ke5 Kg7 65. Rxh3 Rc1
66. Rf3 1-0

[Event "Championnat de France - Accession Fémini"]
[Site "Nimes"]
[Date "2009.08.16"]
[Round "6.5"]
[White "Forgues, Valerie"]
[Black "Fruteau, Sabine"]
[Result "0-1"]
[WhiteElo "2010"]
[BlackElo "2126"]
[PlyCount "120"]
[EventDate "2009.??.??"]

1. e4 e5 2. Nf3 Nc6 3. Bb5 a6 4. Ba4 Nf6 5. O-O b5 6. Bb3 Bb7 7. d3 Bd6 8. c3
h6 9. Re1 O-O 10. Nbd2 Re8 11. Nf1 Bf8 12. Ng3 Na5 13. Bc2 d5 14. Qe2 dxe4 15.
dxe4 c5 16. a4 c4 17. axb5 axb5 18. Rb1 Bc6 19. b3 cxb3 20. Bxb3 Nxb3 21. Rxb3
Ra7 22. Bd2 Ra2 23. Qd1 Qa8 24. Qb1 Ra4 25. Qd1 Ra2 26. Qb1 Bc5 27. h3 Qa7 28.
Be3 Bxe3 29. fxe3 Nd7 30. Rb2 Ra4 31. Rb4 Nc5 32. Kh2 Qa8 33. Nd2 Rd8 34. Re2
Ra1 35. Qc2 Nd3 36. Rb1 Ra2 37. Qd1 Nc5 38. Qe1 Qa3 39. Ngf1 Qxc3 40. Rc1 Qa3
41. Rb1 b4 42. Qh4 Qa8 43. Rf2 Nd3 44. Rf3 Ba4 45. Qh5 Qb7 46. Nb3 Bxb3 47.
Rxb3 Ne1 48. Rg3 Qxe4 49. Qg4 Qxg4 50. Rxg4 Nd3 51. Ng3 Kh7 52. Nf5 g6 53. Ne7
Rc2 54. e4 Nf2 55. Rgg3 Nxe4 56. Rge3 f5 57. Red3 Rxd3 58. Rxd3 Rc7 59. Nd5 Rb7
60. Rb3 Nc5 0-1

[Event "Championnat de France - Accession Fémini"]
[Site "Nimes"]
[Date "2009.08.16"]
[Round "6.6"]
[White "Hourlier, Claire"]
[Black "Roumegous, Marina"]
[Result "1/2-1/2"]
[WhiteElo "1918"]
[BlackElo "2220"]
[Annotator "Rivier,Sylvain"]
[PlyCount "162"]
[EventDate "2009.??.??"]

1. e4 c6 2. d4 d5 3. exd5 cxd5 4. Bd3 Nc6 5. c3 g6 6. Bf4 Bg7 7. Nf3 Nh6 8. Qd2
Nf5 9. Na3 Nd6 10. Nb5 Nxb5 11. Bxb5 a6 12. Bd3 Bg4 13. Ne5 Nxe5 14. dxe5 Qd7
15. f3 Be6 16. Bc2 Qc6 17. Bb3 Rd8 18. Qd4 O-O 19. h4 f6 20. O-O h6 21. Rae1 g5
22. hxg5 fxg5 23. Bc1 b5 24. g4 Bf7 25. Rd1 Qe8 26. Qb6 e6 27. f4 gxf4 28. Bxf4
Qe7 29. Rd2 Qh4 30. Bd1 Qe7 31. Rh2 Bg6 32. Qe3 Qc7 33. Bxh6 Rxf1+ 34. Kxf1
Qxe5 35. Qxe5 Bxe5 36. Rd2 Kh7 37. Be3 Rf8+ 38. Rf2 Re8 39. Bd4 Bd6 40. Rf6 Rf8
41. Rxf8 Bxf8 42. Kf2 Bd6 43. b4 Bb1 44. a3 Kg6 45. Ke3 Bh2 46. Bc5 e5 47. Kf2
Bf4 48. Ba7 Kg5 49. Kf3 Be4+ 50. Kf2 Bd3 51. Bb3 Bc4 52. Bd1 Ba2 53. Kf3 e4+
54. Kf2 Bc4 55. Bd4 Kg6 56. a4 Bd2 57. axb5 axb5 58. Bc2 Kg5 59. Be3+ Bxe3+ 60.
Kxe3 Kxg4 61. Bd1+ Kg3 62. Bh5 Kg2 63. Bg4 Kf1 64. Bh5 Ke1 65. Bg4 Bb3 66. Bh5
Bd1 67. Bf7 Bb3 68. Bh5 Bc4 69. Bg4 Kf1 70. Bh5 Kg2 71. Bg4 Kg3 72. Bh5 Kh4 73.
Be8 Kg5 74. Bd7 Kf6 75. Bg4 Ke5 76. Bd1 Ke6 77. Bg4+ Kd6 78. Bf5 Bd3 79. Kd4
Be2 80. Bh3 Bc4 81. Bg4 Ke7 {suite illisible} 1/2-1/2

[Event "Championnat de France - Accession Fémini"]
[Site "Nimes"]
[Date "2009.08.18"]
[Round "7.1"]
[White "Fruteau, Sabine"]
[Black "Batteau, Valerie"]
[Result "1-0"]
[WhiteElo "2126"]
[BlackElo "1951"]
[PlyCount "105"]
[EventDate "2009.??.??"]

1. e4 e5 2. Nf3 Nc6 3. Bc4 Nf6 4. d3 Be7 5. O-O d6 6. c3 O-O 7. Re1 Bg4 8. h3
Bh5 9. Nbd2 a6 10. Bb3 Kh8 11. Nf1 h6 12. g4 Bg6 13. Ng3 Nh7 14. Kg2 Ng5 15.
Nh4 Bf6 16. Nxg6+ fxg6 17. h4 Nf7 18. g5 Be7 19. h5 Nxg5 20. hxg6 Nf3 21. Rh1
Bg5 22. Nf5 Nh4+ 23. Rxh4 Rxf5 24. exf5 Bxc1 25. Rh5 Bf4 26. Qg4 d5 27. Rah1
Na5 28. Bc2 Kg8 29. b4 Nc6 30. Bb3 Qd6 31. f6 Rd8 32. Rf5 gxf6 33. Rxf4 exf4
34. Rxh6 Qe5 35. Rh8+ Kg7 36. Rxd8 Nxd8 37. Qd7+ Kxg6 38. Qxd8 f3+ 39. Kxf3
Qf5+ 40. Ke2 Qg4+ 41. Kd2 Qf4+ 42. Kc2 Qxf2+ 43. Kc1 c6 44. d4 f5 45. Bc2 Kh5
46. Bd1+ Kg6 47. Qg8+ Kf6 48. Qh8+ Kg5 49. Qg7+ Kf4 50. Bc2 Qf1+ 51. Kb2 Ke3
52. Qe5+ Kd2 53. Qxf5 1-0

[Event "Championnat de France - Accession Fémini"]
[Site "Nimes"]
[Date "2009.08.18"]
[Round "7.2"]
[White "Gertosio-Serena, Sophie"]
[Black "Forgues, Valerie"]
[Result "1/2-1/2"]
[WhiteElo "1794"]
[BlackElo "2010"]
[PlyCount "63"]
[EventDate "2009.??.??"]

1. e4 e5 2. Nc3 Nc6 3. f4 Bc5 4. Nf3 d6 5. Na4 Bb6 6. Nxb6 axb6 7. fxe5 dxe5 8.
Bb5 Qe7 9. a4 Nf6 10. d3 O-O 11. Bg5 Bg4 12. Bc4 Qb4+ 13. Bd2 Qd6 14. h3 Bh5
15. Qc1 Rfe8 16. O-O Rad8 17. Kh2 Nb8 18. Nh4 Bg6 19. Bg5 Nbd7 20. Nxg6 hxg6
21. Rf3 Rf8 22. Qe1 Ra8 23. Qh4 b5 24. Bxb5 c6 25. Bc4 b5 26. Bb3 bxa4 27. Rxa4
Rxa4 28. Bxa4 Ra8 29. Bb3 Ra7 30. Qf2 Rb7 31. Qh4 Ra7 32. Qf2 1/2-1/2

[Event "Championnat de France - Accession Fémini"]
[Site "Nimes"]
[Date "2009.08.18"]
[Round "7.3"]
[White "Rigolot, Lucie"]
[Black "Bismuth, Lea"]
[Result "0-1"]
[WhiteElo "1806"]
[BlackElo "1892"]
[PlyCount "146"]
[EventDate "2009.??.??"]

1. e4 c5 2. Nf3 d6 3. c3 Nf6 4. Be2 Nc6 5. d4 cxd4 6. cxd4 Nxe4 7. d5 Qa5+ 8.
Nc3 Ne5 9. Nxe5 dxe5 10. Bb5+ Kd8 11. Qb3 a6 12. Be2 Nc5 13. Qc4 Nd7 14. O-O b5
15. b4 Qc7 16. Qb3 Bb7 17. Be3 Rc8 18. Rac1 Qd6 19. Rfd1 f5 20. Bd3 g6 21. a4
bxa4 22. Qxa4 Bg7 23. Qb3 Rf8 24. Be2 Ke8 25. b5 Nc5 26. Qb4 a5 27. Qa3 Ne4 28.
Qxa5 Ra8 29. Nxe4 Rxa5 30. Nxd6+ exd6 31. Rc7 Rf7 32. Rxf7 Kxf7 33. Bb6 Ra2 34.
Kf1 e4 35. g3 Be5 36. h4 Kf6 37. Bd8+ Kf7 38. b6 Rb2 39. Ra1 Rxb6 40. Ra7 Rb1+
41. Kg2 Ke8 42. Bg5 Bxd5 43. Rxh7 Rb7 44. Rxb7 Bxb7 45. h5 gxh5 46. Bxh5+ Kd7
47. Bg6 Ke6 48. Bh5 d5 49. f3 d4 50. fxe4 fxe4 51. Kf2 Bd6 52. Bd2 Bc5 53. Ke1
e3 54. Ba5 Bd6 55. Bb6 Bxg3+ 56. Ke2 Ba6+ 57. Kd1 Be5 58. Be2 Bxe2+ 59. Kxe2
Kf5 60. Kf3 Kg5 61. Bc5 Kh4 62. Ba3 Bf6 63. Bb2 Kh5 64. Ke2 Kg4 65. Bc1 Kf4 66.
Ba3 Ke4 67. Bb4 d3+ 68. Kd1 Bd4 69. Be1 Kf3 70. Bh4 d2 71. Be1 dxe1=Q+ 72. Kxe1
e2 73. Kd2 Bc3+ 0-1

[Event "Championnat de France - Accession Fémini"]
[Site "Nimes"]
[Date "2009.08.18"]
[Round "7.4"]
[White "Roumegous, Marina"]
[Black "Armas, Lara-Maria"]
[Result "1-0"]
[WhiteElo "2220"]
[BlackElo "1948"]
[PlyCount "121"]
[EventDate "2009.??.??"]

1. d4 e6 2. Nf3 d5 3. c4 Nf6 4. e3 b6 5. Bd3 Bb7 6. Nc3 Nbd7 7. O-O Be7 8. Qe2
c5 9. a3 O-O 10. Rd1 Rc8 11. Bd2 Qc7 12. cxd5 exd5 13. Rac1 Ne4 14. Be1 Qb8 15.
Bb5 Rfd8 16. h3 Nf8 17. dxc5 bxc5 18. Nxe4 dxe4 19. Nh2 Rxd1 20. Rxd1 Rd8 21.
Bc3 Rxd1+ 22. Qxd1 Qd6 23. Qc2 Nd7 24. Qa4 Ne5 25. Qxa7 Bd5 26. a4 Nd3 27. Nf1
h6 28. a5 Bh4 29. g3 Bd8 30. Qd7 Qxd7 31. Bxd7 Nb4 32. Bxb4 cxb4 33. a6 Bf6 34.
b3 Be7 35. Nd2 Bc5 36. Bf5 Ba7 37. Bxe4 Be6 38. g4 Kf8 39. Kf1 Ke7 40. Ke2 Kd7
41. f4 Kc7 42. f5 Bd7 43. Bd5 Bb5+ 44. Bc4 Kb6 45. Kd3 Kxa6 46. Ne4 Bxc4+ 47.
Kxc4 Bxe3 48. Kxb4 Kb6 49. Kc4 Kc6 50. b4 Bf4 51. b5+ Kb6 52. Nc3 Bd6 53. Nd5+
Kb7 54. Kd4 Ka7 55. Ne3 Be7 56. Nc4 Kb7 57. Kd5 Kc7 58. Ne5 Kb6 59. Nxf7 Kxb5
60. Nd6+ Kb4 61. Ne8 1-0

[Event "Championnat de France - Accession Fémini"]
[Site "Nimes"]
[Date "2009.08.18"]
[Round "7.5"]
[White "Soubirou, Oriane"]
[Black "Hourlier, Claire"]
[Result "1/2-1/2"]
[WhiteElo "1916"]
[BlackElo "1918"]
[PlyCount "80"]
[EventDate "2009.??.??"]

1. d4 Nf6 2. Nf3 e6 3. c4 b6 4. g3 Bb7 5. Bg2 Be7 6. O-O O-O 7. Nc3 d6 8. Qc2
c5 9. e4 cxd4 10. Nxd4 Qc8 11. b3 Nbd7 12. h3 Rd8 13. Be3 Nc5 14. f4 d5 15.
exd5 exd5 16. Nf5 Bf8 17. Bd4 Nce4 18. g4 Re8 19. Rae1 h5 20. Bxf6 Nxf6 21.
Rxe8 Qxe8 22. Bxd5 Nxd5 23. Nxd5 Bc5+ 24. Kh2 Bxd5 25. cxd5 g6 26. Ng3 h4 27.
Ne4 Bd4 28. Qd3 Bg7 29. d6 Qe6 30. Rd1 Bh6 31. g5 Bg7 32. d7 Rd8 33. a3 Qc6 34.
b4 Qc7 35. Qe3 Kf8 36. Qd2 Ke7 37. Nf6 Bxf6 38. gxf6+ Kxf6 39. Qd4+ Kf5 40.
Qd5+ Kf6 1/2-1/2

[Event "Championnat de France - Accession Fémini"]
[Site "Nimes"]
[Date "2009.08.18"]
[Round "7.6"]
[White "Wohlers-Armas, Friederike"]
[Black "Khelif, Jihane"]
[Result "1-0"]
[WhiteElo "2061"]
[BlackElo "1750"]
[PlyCount "43"]
[EventDate "2009.??.??"]

1. d4 e6 2. c4 Bb4+ 3. Nc3 f5 4. a3 Bxc3+ 5. bxc3 Nf6 6. e3 d6 7. Nf3 O-O 8.
Qc2 Nbd7 9. h3 Ne4 10. a4 c5 11. a5 Ndf6 12. Bd3 g5 13. g4 Qe8 14. Ba3 b6 15.
h4 Bb7 16. Rg1 Nxc3 17. Nxg5 Nce4 18. Nxe6 Rf7 19. gxf5+ Kh8 20. d5 b5 21. Bb2
Nxf2 22. Qxf2 1-0

[Event "Championnat de France - Accession Fémini"]
[Site "Nimes"]
[Date "2009.08.19"]
[Round "8.1"]
[White "Batteau, Valerie"]
[Black "Khelif, Jihane"]
[Result "1-0"]
[WhiteElo "1951"]
[BlackElo "1750"]
[PlyCount "53"]

1. e4 d5 2. exd5 Nf6 3. d4 Nxd5 4. Nf3 Bf5 5. Be2 e6 6. O-O Nd7 7. a3 Be7 8. c4
N5f6 9. Nc3 Ne4 10. Qb3 Nxc3 11. Qxc3 c6 12. Bf4 g5 13. Be3 Rg8 14. Rad1 Qc7
15. Ne5 Bd6 16. f4 Nf6 17. Bd3 Bxd3 18. Qxd3 gxf4 19. Bxf4 O-O-O 20. Bg3 Ng4
21. Rxf7 Qb6 22. Nxg4 Bxg3 23. c5 Qxb2 24. Qxg3 e5 25. Qxe5 Rd7 26. Rxd7 Kxd7
27. Nf6+ 1-0

[Event "Championnat de France - Accession Fémini"]
[Site "Nimes"]
[Date "2009.08.19"]
[Round "8.2"]
[White "Hourlier, Claire"]
[Black "Wohlers-Armas, Friederike"]
[Result "0-1"]
[WhiteElo "1918"]
[BlackElo "2061"]
[PlyCount "32"]

1. e4 c5 2. Nf3 d6 3. Nc3 Nc6 4. g3 g6 5. Bg2 Bg7 6. O-O e6 7. d3 Nge7 8. Be3
Nd4 9. Qd2 Qd7 10. a4 b6 11. Nd1 Rb8 12. c3 Nb3 13. Qe2 Nxa1 14. b4 Qxa4 15.
Bf4 e5 16. Nb2 Qc2 0-1

[Event "Championnat de France - Accession Fémini"]
[Site "Nimes"]
[Date "2009.08.19"]
[Round "8.3"]
[White "Armas, Lara-Maria"]
[Black "Soubirou, Oriane"]
[Result "0-1"]
[WhiteElo "1948"]
[BlackElo "1916"]
[PlyCount "66"]

1. d4 Nf6 2. c4 g6 3. Nc3 d5 4. cxd5 Nxd5 5. e4 Nxc3 6. bxc3 Bg7 7. Bc4 c5 8.
Ne2 O-O 9. Be3 Nc6 10. Rc1 Qa5 11. Kf1 e6 12. h4 b5 13. Bb3 Rd8 14. h5 Bb7 15.
hxg6 hxg6 16. Bd2 Qb6 17. Nf4 Ne7 18. Qg4 Bxe4 19. Nxe6 Bf5 20. Qh4 Bxe6 21.
Qxe7 Bxb3 22. axb3 cxd4 23. cxd4 Qxd4 24. Be3 Qd3+ 25. Kg1 Qxb3 26. Qh4 Rd1+
27. Rxd1 Qxd1+ 28. Kh2 Qh5 29. Qxh5 gxh5 30. Kg3 b4 31. Rxh5 b3 32. Rb5 b2 33.
Bd2 a5 0-1

[Event "Championnat de France - Accession Fémini"]
[Site "Nimes"]
[Date "2009.08.19"]
[Round "8.5"]
[White "Forgues, Valerie"]
[Black "Rigolot, Lucie"]
[Result "1/2-1/2"]
[WhiteElo "2010"]
[BlackElo "1806"]
[PlyCount "130"]

1. e4 c5 2. Nf3 e6 3. d4 cxd4 4. Nxd4 a6 5. Nc3 Qc7 6. Be2 Bb4 7. Qd3 Nf6 8.
O-O O-O 9. Be3 d6 10. f4 Nbd7 11. Nb3 b6 12. Bf3 Bb7 13. Rfe1 Bxc3 14. bxc3
Rfd8 15. Bd2 e5 16. f5 Rac8 17. Rad1 Nc5 18. Nxc5 Qxc5+ 19. Kh1 Qc7 20. Qe3 Re8
21. Re2 d5 22. Rf2 dxe4 23. Be2 Qc5 24. Qxc5 Rxc5 25. c4 Rcc8 26. Be3 b5 27.
cxb5 axb5 28. Bxb5 Ng4 29. Bxe8 Nxf2+ 30. Bxf2 Rxe8 31. c4 f6 32. c5 h5 33. h3
Ra8 34. Rd2 Ra3 35. Rc2 Bc6 36. Kg1 e3 37. Be1 Be4 38. Rb2 Rd3 39. Ba5 Rd1+ 40.
Kh2 Rc1 41. Re2 Rxc5 42. Bb6 Rc6 43. Bxe3 Bxf5 44. a4 Rc3 45. Bb6 Ra3 46. a5
Kf7 47. Kg1 Ke6 48. Kf2 g5 49. Re3 Ra2+ 50. Re2 Ra1 51. Re1 Rxe1 52. Kxe1 Bd3
53. Kf2 f5 54. Bd8 g4 55. hxg4 hxg4 56. Ke3 Bb5 57. g3 Kd5 58. Bc7 Ba6 59. Bb6
Bc8 60. Bc7 Bb7 61. Bb6 f4+ 62. gxf4 g3 63. fxe5 g2 64. Kf4 Ke6 65. Ba7 Ba6
1/2-1/2

[Event "Championnat de France - Accession Fémini"]
[Site "Nimes"]
[Date "2009.08.19"]
[Round "8.6"]
[White "Fruteau, Sabine"]
[Black "Gertosio-Serena, Sophie"]
[Result "1-0"]
[WhiteElo "2126"]
[BlackElo "1794"]
[PlyCount "139"]

1. e4 e5 2. Nf3 Nc6 3. Bb5 a6 4. Ba4 Nf6 5. O-O Be7 6. Bxc6 bxc6 7. Nxe5 Nxe4
8. Qg4 Ng5 9. f4 d6 10. Qe2 dxe5 11. fxg5 Qd4+ 12. Kh1 Bg4 13. Qe1 Bxg5 14. c3
Qd5 15. d4 Bxc1 16. Qxc1 exd4 17. Qf4 Be6 18. Qxc7 O-O 19. cxd4 Rab8 20. Nc3
Qxd4 21. Rad1 Qb6 22. Qxb6 Rxb6 23. Na4 Rb5 24. b3 Re8 25. Rd6 Bd5 26. Nc3 g6
27. Nxb5 axb5 28. Rdf6 Re2 29. R6f2 Re3 30. Rd2 Re5 31. Kg1 h5 32. h4 g5 33.
hxg5 Rxg5 34. Rf4 Kf8 35. Re2 Kg7 36. Kh2 Kg6 37. g3 Be6 38. Kg2 Rc5 39. Rd2
Bd5+ 40. Kh3 Be6+ 41. Kh2 Bd5 42. Kg1 Be6 43. Rfd4 Rc3 44. Kf2 Bg4 45. R4d3 Rc5
46. Ke3 Bf5 47. Rd8 Be6 48. Kd4 Rc1 49. Ke5 Re1+ 50. Kd6 Bd5 51. Ra8 Bh1 52. a4
Re3 53. a5 Rxb3 54. Ra2 Kf5 55. a6 Rxg3 56. a7 Rd3+ 57. Kc5 Rc3+ 58. Kb6 c5 59.
Rh8 Be4 60. Rxh5+ Kg4 61. Re5 Bf3 62. Kxb5 f5 63. Rxc5 Rxc5+ 64. Kxc5 Ba8 65.
Kd4 f4 66. Ra3 f3 67. Ke3 Kg3 68. Ra2 Kg4 69. Kf2 Kf4 70. Rd2 1-0

[Event "Championnat de France - Accession Fémini"]
[Site "Nimes"]
[Date "2009.08.20"]
[Round "9.1"]
[White "Gertosio-Serena, Sophie"]
[Black "Batteau, Valerie"]
[Result "0-1"]
[WhiteElo "1794"]
[BlackElo "1951"]
[PlyCount "80"]

1. e4 e5 2. Nf3 Nc6 3. Bc4 Nf6 4. Nc3 Nxe4 5. Nxe4 d5 6. Bb5 dxe4 7. Nxe5 Qd5
8. Bxc6+ bxc6 9. Ng4 Bd6 10. Ne3 Qg5 11. d3 Qg6 12. dxe4 Qxe4 13. O-O O-O 14.
Qe2 Be6 15. Re1 Qh4 16. g3 Qf6 17. Kg2 Rfe8 18. c4 Rab8 19. Qd3 Bf5 20. Qf1
Be4+ 21. f3 Bg6 22. Nd1 h5 23. h4 Kf8 24. Bg5 Rxe1 25. Qxe1 Qd4 26. Qf1 Bd3 27.
Qg1 Qxc4 28. Ne3 Rxb2+ 29. Kh1 Qa6 30. Qe1 Qb7 31. Qc3 c5 32. Rf1 Bxf1 33. Nxf1
Rb1 34. Qd3 c4 35. Qf5 Rxf1+ 36. Kg2 Rb1 37. Be3 Rb2+ 38. Bf2 Rxf2+ 39. Kxf2
Qb2+ 40. Kf1 g6 0-1

[Event "Championnat de France - Accession Fémini"]
[Site "Nimes"]
[Date "2009.08.20"]
[Round "9.3"]
[White "Roumegous, Marina"]
[Black "Forgues, Valerie"]
[Result "1-0"]
[WhiteElo "2220"]
[BlackElo "2010"]
[PlyCount "93"]

1. d4 Nf6 2. Bg5 e6 3. e3 b6 4. Nd2 d5 5. Bd3 Bb7 6. Ngf3 Nbd7 7. Ne5 h6 8.
Bxf6 gxf6 9. Nef3 Bd6 10. Qe2 Qe7 11. O-O-O O-O-O 12. Kb1 Rhg8 13. Rhg1 Kb8 14.
Rc1 c5 15. Ba6 f5 16. Bxb7 Kxb7 17. c4 dxc4 18. Nxc4 Bc7 19. e4 fxe4 20. Qxe4+
Kb8 21. Nce5 Nxe5 22. Nxe5 Bxe5 23. Qxe5+ Qd6 24. Qxd6+ Rxd6 25. dxc5 bxc5 26.
Rxc5 Rd2 27. Rc2 Rd5 28. g3 Rh5 29. f4 Rf5 30. Rd1 h5 31. Rd3 h4 32. Rb3+ Ka8
33. Rc7 a5 34. a3 hxg3 35. hxg3 Re8 36. Rbb7 f6 37. Ka2 Rg8 38. Ra7+ Kb8 39.
Rcb7+ Kc8 40. Re7 Kb8 41. Rad7 Kc8 42. Rd3 e5 43. Rd5 Rxg3 44. Rxa5 Kb8 45.
fxe5 Rgg5 46. exf6 Rxa5 47. f7 1-0

[Event "Championnat de France - Accession Fémini"]
[Site "Nimes"]
[Date "2009.08.20"]
[Round "9.4"]
[White "Soubirou, Oriane"]
[Black "Bismuth, Lea"]
[Result "1/2-1/2"]
[WhiteElo "1916"]
[BlackElo "1892"]
[PlyCount "52"]

1. e4 c5 2. Nf3 d6 3. d4 cxd4 4. Nxd4 Nf6 5. Nc3 g6 6. g3 Bg7 7. Bg2 O-O 8. O-O
Nc6 9. Nde2 Bd7 10. h3 a6 11. Be3 Rb8 12. f4 b5 13. Rb1 Na5 14. b3 Qc8 15. Kh2
Re8 16. Qd2 Nc6 17. Rbd1 Qc7 18. g4 Rec8 19. g5 b4 20. gxf6 bxc3 21. Nxc3 Nb4
22. Nd5 Nxd5 23. Qxd5 Bxf6 24. c4 Bc6 25. Qd2 Qb7 26. Qd3 Qb4 1/2-1/2

[Event "Championnat de France - Accession Fémini"]
[Site "Nimes"]
[Date "2009.08.20"]
[Round "9.5"]
[White "Wohlers-Armas, Friederike"]
[Black "Armas, Lara-Maria"]
[Result "0-1"]
[WhiteElo "2061"]
[BlackElo "1948"]
[Annotator "Rivier,Sylvain"]
[PlyCount "44"]

1. d4 d5 2. c4 e6 3. Nc3 Nf6 4. Bg5 Nbd7 5. e3 Be7 6. Qc2 b6 7. cxd5 exd5 8.
Nf3 Bb7 9. Bd3 c5 10. Bxf6 Nxf6 11. O-O O-O 12. dxc5 bxc5 13. Rfd1 Qc7 14. Rac1
g6 15. Qe2 Rac8 16. Ba6 Rfd8 17. Bxb7 Qxb7 18. b3 Bf8 19. h3 Bh6 20. Qb5 Qxb5
21. Nxb5 a6 22. Na3 d4 {suite illisible} 0-1

[Event "Championnat de France - Accession Fémini"]
[Site "Nimes"]
[Date "2009.08.20"]
[Round "9.6"]
[White "Khelif, Jihane"]
[Black "Hourlier, Claire"]
[Result "0-1"]
[WhiteElo "1750"]
[BlackElo "1918"]
[Annotator "Rivier,Sylvain"]
[PlyCount "62"]

1. e4 c5 2. Nf3 Nc6 3. d4 cxd4 4. Nxd4 g6 5. Nxc6 bxc6 6. Bc4 Bg7 7. O-O d6 8.
Qf3 Nf6 9. e5 Nd5 10. exd6 Qxd6 11. Nc3 Bb7 12. Ne4 Qb4 13. Ng5 O-O 14. Bb3
Rad8 15. Qh3 h6 16. c3 Qa5 17. Ne4 Bc8 18. Qh4 Bf5 19. Ng3 g5 20. Qh5 Bg6 21.
Qe2 Rd7 22. f4 Qb6+ 23. Kh1 Nxf4 24. Bxf4 gxf4 25. Rxf4 Rfd8 26. Qg4 c5 27.
Raf1 e5 28. R4f2 Re7 29. Nf5 Bxf5 30. Rxf5 Rdd7 31. Rxf7 Rxf7 {suite illisible}
0-1